00205 a2200085 450000100060000004000240000624000300003024500280006065000310008868606 cAnchieta - Itaigara10aSe essa rua fosse minhal10aSe essa rua fosse minha 4aLiteratura infanto-juvenil